Catálogo
 En Linea

Atlas ilustrado de los dinosaurios / (Registro nro. 18827)

Detalles MARC
000 -CABECERA
campo de control de longitud fija 00693nam a2200217 a 4500
001 - NÚMERO DE CONTROL
campo de control 000019309
005 - FECHA Y HORA DE LA ÚLTIMA TRANSACCIÓN
campo de control 20200929165958.0
008 - DATOS DE LONGITUD FIJA--INFORMACIÓN GENERAL
campo de control de longitud fija 100601s19uu sp abc 000 0 spa d
020 ## - NÚMERO INTERNACIONAL ESTÁNDAR DEL LIBRO
Número Internacional Estándar del Libro 8430538925
040 ## - FUENTE DE LA CATALOGACIÓN
Centro catalogador/agencia de origen DO-SdBNP
Lengua de catalogación spa
Centro/agencia transcriptor BNPHU
082 ## - NÚMERO DE LA CLASIFICACIÓN DECIMAL DEWEY
Número de clasificación R567.91
Número de documento/Ítem N842a
049 ## - FONDOS LOCALES (OCLC)
Fondos de biblioteca BNPD
100 1# - ENTRADA PRINCIPAL--NOMBRE DE PERSONA
Nombre de persona Norman, David
9 (RLIN) 41532
240 10 - TÍTULO UNIFORME
Título uniforme Dinosaurs
245 10 - MENCIÓN DE TÍTULO
Título Atlas ilustrado de los dinosaurios /
Mención de responsabilidad, etc. David Norman, John Sibbick ; traducción Leandro Wolfson.
260 ## - PUBLICACIÓN, DISTRIBUCIÓN, ETC.
Lugar de publicación, distribución, etc. Madrid :
Nombre del editor, distribuidor, etc. Susaeta,
Fecha de publicación, distribución, etc. [19--?].
300 ## - DESCRIPCIÓN FÍSICA
Extensión 208 p. :
Otras características físicas il. ; retrs. ;
Dimensiones 27 cm.
650 #4 - PUNTO DE ACCESO ADICIONAL DE MATERIA--TÉRMINO DE MATERIA
Término de materia o nombre geográfico como elemento de entrada Dinosaurios
Subdivisión general Enciclopedias y diccionarios
9 (RLIN) 41533
700 1# - PUNTO DE ACCESO ADICIONAL--NOMBRE DE PERSONA
Nombre de persona Sibbick, John
9 (RLIN) 41534
700 1# - PUNTO DE ACCESO ADICIONAL--NOMBRE DE PERSONA
Nombre de persona Wolfson, Leandro,
Término indicativo de función/relación trad.
9 (RLIN) 8683
Existencias
Estado de retiro Estado de pérdida Restricciones de uso No para préstamo Código de colección Localización permanente Ubicación/localización actual Ubicación en estantería Fecha de adquisición Número de inventario Total de préstamos Signatura topográfica completa Código de barras Fecha visto por última vez Precio válido a partir de Tipo de ítem Koha
      Excluido de préstamo Monografías: Libros y Folletos R R En catalogación 01.06.2010 LF1   R567.91 N842a 19309-10 25.06.2020 25.06.2020 No se presta

Con tecnología Koha